<?xml version="1.0" encoding="UTF-8"?>
<collection xmlns="http://www.loc.gov/MARC21/slim">
 <record>
  <leader>04759cam a2200649 c 4500</leader>
  <controlfield tag="001">746089619</controlfield>
  <controlfield tag="003">DE-627</controlfield>
  <controlfield tag="005">20250328180008.0</controlfield>
  <controlfield tag="007">tu</controlfield>
  <controlfield tag="008">130515s2013    gw |||||      00| ||ger c</controlfield>
  <datafield tag="015" ind1=" " ind2=" ">
   <subfield code="a">13,N20</subfield>
   <subfield code="2">dnb</subfield>
  </datafield>
  <datafield tag="016" ind1="7" ind2=" ">
   <subfield code="a">1034275445</subfield>
   <subfield code="2">DE-101</subfield>
  </datafield>
  <datafield tag="020" ind1=" " ind2=" ">
   <subfield code="a">3550080301</subfield>
   <subfield code="c">Gb. : EUR 18.00 (DE)</subfield>
   <subfield code="9">3-550-08030-1</subfield>
  </datafield>
  <datafield tag="020" ind1=" " ind2=" ">
   <subfield code="a">9783550080302</subfield>
   <subfield code="c">Gb. : EUR 18.00 (DE), EUR 18.50 (AT), sfr 24.90 (freier Pr.)</subfield>
   <subfield code="9">978-3-550-08030-2</subfield>
  </datafield>
  <datafield tag="024" ind1="3" ind2=" ">
   <subfield code="a">9783550080302</subfield>
  </datafield>
  <datafield tag="035" ind1=" " ind2=" ">
   <subfield code="a">(DE-627)746089619</subfield>
  </datafield>
  <datafield tag="035" ind1=" " ind2=" ">
   <subfield code="a">(DE-576)393902358</subfield>
  </datafield>
  <datafield tag="035" ind1=" " ind2=" ">
   <subfield code="a">(DE-599)DNB1034275445</subfield>
  </datafield>
  <datafield tag="035" ind1=" " ind2=" ">
   <subfield code="a">(OCoLC)862854096</subfield>
  </datafield>
  <datafield tag="035" ind1=" " ind2=" ">
   <subfield code="a">(OCoLC)859567792</subfield>
  </datafield>
  <datafield tag="035" ind1=" " ind2=" ">
   <subfield code="a">(OCoLC)1074933200</subfield>
  </datafield>
  <datafield tag="035" ind1=" " ind2=" ">
   <subfield code="a">(OCoLC)1080870743</subfield>
  </datafield>
  <datafield tag="035" ind1=" " ind2=" ">
   <subfield code="a">(OCoLC)1083848987</subfield>
  </datafield>
  <datafield tag="040" ind1=" " ind2=" ">
   <subfield code="a">DE-627</subfield>
   <subfield code="b">ger</subfield>
   <subfield code="c">DE-627</subfield>
   <subfield code="e">rda</subfield>
  </datafield>
  <datafield tag="041" ind1=" " ind2=" ">
   <subfield code="a">ger</subfield>
  </datafield>
  <datafield tag="044" ind1=" " ind2=" ">
   <subfield code="c">XA-DE-BE</subfield>
  </datafield>
  <datafield tag="082" ind1="0" ind2=" ">
   <subfield code="a">830</subfield>
  </datafield>
  <datafield tag="082" ind1="0" ind2=" ">
   <subfield code="a">B</subfield>
  </datafield>
  <datafield tag="082" ind1="0" ind2="4">
   <subfield code="a">830</subfield>
   <subfield code="a">B</subfield>
   <subfield code="q">DNB</subfield>
  </datafield>
  <datafield tag="084" ind1=" " ind2=" ">
   <subfield code="a">GN 9999</subfield>
   <subfield code="q">BVB</subfield>
   <subfield code="2">rvk</subfield>
   <subfield code="0">(DE-625)rvk/43130:</subfield>
  </datafield>
  <datafield tag="084" ind1=" " ind2=" ">
   <subfield code="a">17.97</subfield>
   <subfield code="2">bkl</subfield>
  </datafield>
  <datafield tag="084" ind1=" " ind2=" ">
   <subfield code="a">18.10</subfield>
   <subfield code="2">bkl</subfield>
  </datafield>
  <datafield tag="100" ind1="1" ind2=" ">
   <subfield code="a">Tukur, Ulrich</subfield>
   <subfield code="d">1957-</subfield>
   <subfield code="e">VerfasserIn</subfield>
   <subfield code="0">(DE-588)123674670</subfield>
   <subfield code="0">(DE-627)082699992</subfield>
   <subfield code="0">(DE-576)169633284</subfield>
   <subfield code="4">aut</subfield>
  </datafield>
  <datafield tag="245" ind1="1" ind2="4">
   <subfield code="a">Die Spieluhr</subfield>
   <subfield code="b">eine Novelle nach einer wahren Begebenheit</subfield>
   <subfield code="c">von Ulrich Tukur</subfield>
  </datafield>
  <datafield tag="264" ind1=" " ind2="1">
   <subfield code="a">Berlin</subfield>
   <subfield code="b">Ullstein</subfield>
   <subfield code="c">2013</subfield>
  </datafield>
  <datafield tag="300" ind1=" " ind2=" ">
   <subfield code="a">150 Seiten</subfield>
   <subfield code="b">Illustrationen</subfield>
   <subfield code="c">20 cm</subfield>
  </datafield>
  <datafield tag="336" ind1=" " ind2=" ">
   <subfield code="a">Text</subfield>
   <subfield code="b">txt</subfield>
   <subfield code="2">rdacontent</subfield>
  </datafield>
  <datafield tag="337" ind1=" " ind2=" ">
   <subfield code="a">ohne Hilfsmittel zu benutzen</subfield>
   <subfield code="b">n</subfield>
   <subfield code="2">rdamedia</subfield>
  </datafield>
  <datafield tag="338" ind1=" " ind2=" ">
   <subfield code="a">Band</subfield>
   <subfield code="b">nc</subfield>
   <subfield code="2">rdacarrier</subfield>
  </datafield>
  <datafield tag="500" ind1=" " ind2=" ">
   <subfield code="a">Hier auch später erschienene, unveränderte Nachdrucke der Auflage</subfield>
  </datafield>
  <datafield tag="520" ind1=" " ind2=" ">
   <subfield code="a">Mit den fantastischen, ins Skurril-Absurde abdriftenden &quot;venezianischen Geschichten&quot; startete der renommierte Schauspieler und Musiker sein literarisches Debüt (&quot;Die Seerose im Speisesaal&quot;, BA 11/07). Ihm folgt mit der anspruchsvoll edierten vorliegenden Novelle ein weiteres, diverse Realitätsebenen kunstvoll verstrickendes Prosawerk. Bei den Dreharbeiten zu einem Film über den Kunstsammler W. Uhde, Mäzen der malenden Putzfrau Séraphine, deren kindlich einfache Bilder heute als herausragende Zeugnisse der naiven Malerei gelten, entrollt sich die fantastische Welt dieser im Wahnsinn endenden einfachen Französin. Ein verwunschenes, vom Regieassistenten entdecktes Schloss soll zur Filmkulisse werden. Verwirrt von lockender Musik sieht er Bilder und Gobelins sich verlebendigen, erlebt gespenstische Gestalten und Spukhaftes zwischen Traum und Wirklichkeit, Realität und Fantasie. U. Tukur preist in seiner versponnenen, aufmerksames Lesen erfordernden Novelle die Macht der Malerei und die betörende Magie der Musik. Ein raffiniert inszeniertes, den Leser verzauberndes wie beunruhigendes Buch</subfield>
  </datafield>
  <datafield tag="520" ind1=" " ind2=" ">
   <subfield code="a">Wilhelm Uhde, der großbürgerliche Preuße, und Séraphine, eine einfache Französin, die von den Bewohnern ihres Dorfes verspottet und von den Kindern mit Dreck und Steinen beworfen wird, trennen Welten. Und doch hat das Schicksal sie zusammengeführt: den sensiblen Kunstsammler und seine tiefgläubige Putzfrau, die Bilder malt, seit ihr ein Engel des Herrn erschien. Viele Jahre und zwei Weltkriege später wird beider Leben verfilmt. Der Schauspieler, der im Film Uhde verkörpert, macht dabei eine seltsame Entdeckung, die ihn unversehens in den phantastischen Kosmos der Séraphine de Senlis katapultiert: in ein Leben hinter den Bildern und Gobelins eines vergessenen Schlosses der Picardie</subfield>
  </datafield>
  <datafield tag="583" ind1="1" ind2=" ">
   <subfield code="a">Archivierung prüfen</subfield>
   <subfield code="c">20240324</subfield>
   <subfield code="f">DE-4165</subfield>
   <subfield code="z">1</subfield>
   <subfield code="2">pdager</subfield>
  </datafield>
  <datafield tag="583" ind1="1" ind2=" ">
   <subfield code="a">Archivierung/Langzeitarchivierung gewährleistet</subfield>
   <subfield code="c">20240722</subfield>
   <subfield code="f">NI-LastCopies</subfield>
   <subfield code="x">XA-DE-NI</subfield>
   <subfield code="z">Potenzieller Alleinbesitz Niedersachsen</subfield>
   <subfield code="2">pdager</subfield>
   <subfield code="5">DE-89</subfield>
  </datafield>
  <datafield tag="591" ind1=" " ind2=" ">
   <subfield code="a">Standing Order Schöne Lit.Fokus Sprache mittel</subfield>
  </datafield>
  <datafield tag="655" ind1=" " ind2="7">
   <subfield code="a">Fiktionale Darstellung</subfield>
   <subfield code="0">(DE-588)1071854844</subfield>
   <subfield code="0">(DE-627)82648378X</subfield>
   <subfield code="0">(DE-576)43337439X</subfield>
   <subfield code="2">gnd-content</subfield>
  </datafield>
  <datafield tag="787" ind1="0" ind2="8">
   <subfield code="i">Rezensiert in</subfield>
   <subfield code="a">Fernengel, Birgit</subfield>
   <subfield code="t">Sehnsucht nach einer schöneren Welt</subfield>
   <subfield code="d">2014</subfield>
   <subfield code="w">(DE-627)1523924357</subfield>
   <subfield code="w">(DE-576)453924352</subfield>
  </datafield>
  <datafield tag="856" ind1="4" ind2="2">
   <subfield code="u">http://deposit.dnb.de/cgi-bin/dokserv?id=4314954&amp;prov=M&amp;dokvar=1&amp;dokext=htm</subfield>
   <subfield code="m">X:MVB</subfield>
   <subfield code="q">text/html</subfield>
   <subfield code="x">Verlag</subfield>
   <subfield code="3">Inhaltstext</subfield>
  </datafield>
  <datafield tag="856" ind1="4" ind2="2">
   <subfield code="u">http://deposit.dnb.de/cgi-bin/dokserv?id=4314954&amp;prov=M&amp;dok_var=1&amp;dok_ext=htm</subfield>
   <subfield code="q">text/html</subfield>
   <subfield code="x">Verlag</subfield>
   <subfield code="3">Inhaltstext</subfield>
  </datafield>
  <datafield tag="856" ind1="4" ind2="2">
   <subfield code="u">http://cover.ekz.de/9783550080302.jpg</subfield>
   <subfield code="q">cover/jpg</subfield>
   <subfield code="x">Verlag</subfield>
  </datafield>
  <datafield tag="856" ind1="4" ind2="2">
   <subfield code="u">http://www.perlentaucher.de/buch/ulrich-tukur/die-spieluhr.html</subfield>
   <subfield code="x">Verlag</subfield>
   <subfield code="3">Rezension</subfield>
  </datafield>
  <datafield tag="936" ind1="r" ind2="v">
   <subfield code="a">GN 9999</subfield>
   <subfield code="b">Sonstige</subfield>
   <subfield code="k">Germanistik. Niederlandistik. Skandinavistik</subfield>
   <subfield code="k">Deutsche Literatur</subfield>
   <subfield code="k">Moderne II: 1946 - 1990</subfield>
   <subfield code="k">Literaturgeschichte</subfield>
   <subfield code="k">Einzelne Autoren</subfield>
   <subfield code="k">Sonstige</subfield>
   <subfield code="0">(DE-627)1270636618</subfield>
   <subfield code="0">(DE-625)rvk/43130:</subfield>
   <subfield code="0">(DE-576)200636618</subfield>
  </datafield>
  <datafield tag="936" ind1="b" ind2="k">
   <subfield code="a">17.97</subfield>
   <subfield code="j">Texte eines einzelnen Autors</subfield>
   <subfield code="0">(DE-627)181571714</subfield>
  </datafield>
  <datafield tag="936" ind1="b" ind2="k">
   <subfield code="a">18.10</subfield>
   <subfield code="j">Deutsche Literatur</subfield>
   <subfield code="0">(DE-627)106405047</subfield>
  </datafield>
  <datafield tag="951" ind1=" " ind2=" ">
   <subfield code="a">BO</subfield>
  </datafield>
  <datafield tag="991" ind1=" " ind2=" ">
   <subfield code="a">Rezensiertes Werk</subfield>
  </datafield>
  <datafield tag="999" ind1=" " ind2=" ">
   <subfield code="a">KXP-PPN746089619</subfield>
   <subfield code="e">4151655522</subfield>
  </datafield>
 </record>
</collection>
